<?xml version="1.0" encoding="UTF-8"?><?xml-stylesheet type="text/xsl" href="static/style.xsl"?><OAI-PMH xmlns="http://www.openarchives.org/OAI/2.0/" xmlns:xsi="http://www.w3.org/2001/XMLSchema-instance" xsi:schemaLocation="http://www.openarchives.org/OAI/2.0/ http://www.openarchives.org/OAI/2.0/OAI-PMH.xsd"><responseDate>2026-04-17T02:26:34Z</responseDate><request verb="GetRecord" identifier="oai:www.recercat.cat:10230/26268" metadataPrefix="marc">https://recercat.cat/oai/request</request><GetRecord><record><header><identifier>oai:recercat.cat:10230/26268</identifier><datestamp>2025-12-13T21:17:39Z</datestamp><setSpec>com_2072_6</setSpec><setSpec>col_2072_452952</setSpec></header><metadata><record xmlns="http://www.loc.gov/MARC21/slim" xmlns:dcterms="http://purl.org/dc/terms/" xmlns:xsi="http://www.w3.org/2001/XMLSchema-instance" xmlns:doc="http://www.lyncode.com/xoai" xsi:schemaLocation="http://www.loc.gov/MARC21/slim http://www.loc.gov/standards/marcxml/schema/MARC21slim.xsd">
   <leader>00925njm 22002777a 4500</leader>
   <datafield ind2=" " ind1=" " tag="042">
      <subfield code="a">dc</subfield>
   </datafield>
   <datafield ind2=" " ind1=" " tag="720">
      <subfield code="a">Santos Rodríguez, Patrícia</subfield>
      <subfield code="e">author</subfield>
   </datafield>
   <datafield ind2=" " ind1=" " tag="720">
      <subfield code="a">Cook, John</subfield>
      <subfield code="e">author</subfield>
   </datafield>
   <datafield ind2=" " ind1=" " tag="720">
      <subfield code="a">Hernández Leo, Davinia</subfield>
      <subfield code="e">author</subfield>
   </datafield>
   <datafield ind2=" " ind1=" " tag="260">
      <subfield code="c">2016-05-11T12:46:35Z</subfield>
   </datafield>
   <datafield ind2=" " ind1=" " tag="260">
      <subfield code="c">2016-05-11T12:46:35Z</subfield>
   </datafield>
   <datafield ind2=" " ind1=" " tag="260">
      <subfield code="c">2015</subfield>
   </datafield>
   <datafield ind2=" " ind1=" " tag="520">
      <subfield code="a">Authentic assessment is important in formal and informal learning. Technology has the potential to be used to support the assessment of higher order skills particularly with respect to real life tasks. In particular, the use of mobile devices allows the learner to increase her interactions with physical objects, various environments (indoors and outdoors spaces), augmented digital information and with peers. Those interactions can be monitored and automatically assessed in a way that is similar to traditional objective tests. However, in order to facilitate a meaningful interaction with formative purposes, we propose that the assessment process can be assisted through scaffolding mechanisms that transform the mobile system into a ‘more capable peer’. In this context, this paper presents the m-AssIST model which captures the necessary emergent properties to design and analyse m-assessment activities. The model is used to analyse the benefits and limitations of existing m-test based systems. This paper discusses the importance of meaningful interactions, and the provision of scaffolding mechanisms to support formative and authentic assessment.</subfield>
   </datafield>
   <datafield ind2=" " ind1=" " tag="520">
      <subfield code="a">This work has been partially funded by the Learning Layers project. Learning Layers is a 7th Framework Large-scale integrating project co-funded by the European Commission and the EEE (TIN2011-28308-C03-03) project.</subfield>
   </datafield>
   <datafield tag="653" ind2=" " ind1=" ">
      <subfield code="a">Mobile-assessment</subfield>
   </datafield>
   <datafield tag="653" ind2=" " ind1=" ">
      <subfield code="a">Authentic assessment</subfield>
   </datafield>
   <datafield tag="653" ind2=" " ind1=" ">
      <subfield code="a">Meaningful interactions</subfield>
   </datafield>
   <datafield tag="653" ind2=" " ind1=" ">
      <subfield code="a">Scaffolding</subfield>
   </datafield>
   <datafield ind2="0" ind1="0" tag="245">
      <subfield code="a">M-AssIST: interaction and scaffolding matters in authentic assessment</subfield>
   </datafield>
</record></metadata></record></GetRecord></OAI-PMH>